| 000 | 00975aab a2200193 4500 | ||
|---|---|---|---|
| 001 | 768714001 | ||
| 003 | CO-MdFUSB | ||
| 005 | 20250726113944.0 | ||
| 008 | 250726t1992 ag ||||| |||| 00| 0 spa d | ||
| 040 |
_bspa _cCO-MdFUSB |
||
| 245 | 1 | 0 | _aCarta a las comunidades indígenas y cristianas |
| 246 | _aEvangélicos ante el Quinto Centenario | ||
| 300 |
_aVolumen 11, número 2 (abril - Junio, 1992), páginas 30 - 31 _c; 27 cm |
||
| 520 | _aEl presente documento fue redactado por un grupo de misioneros, pastores y profesores evangélicos de Colombia, Ecuador, Perú, Venezuela y los Estados Unidos. La ocasión es que se redactó fue la celebración del curso de Licenciatura y Posgrado del Seminario Teológico Bautista Internacional de Cali, Colombia, del 3 al 20 de junio de 1990. | ||
| 650 | 0 |
_aEvangelización _9362 |
|
| 773 | 0 |
_tIglesia y Misión _049402 _959656 _gVolumen 11, número 2 (abril - Junio, 1992), 30 - 31 _qpáginas 30 |
|
| 942 | _cANA | ||
| 945 | _aJTF-925 | ||
| 999 |
_c51963 _d51963 |
||